| 000 | 00995nam a2200217 a 4500 | ||
|---|---|---|---|
| 001 | 000041493 | ||
| 005 | 20201002034935.0 | ||
| 008 | 131008s2006 sp ab 000 0 spa d | ||
| 020 | _a840008425X | ||
| 040 |
_aDO-SdBNP _bspa _cBNPHU |
||
| 082 |
_axxx _bF365j |
||
| 100 | 1 |
_aFernández Esquinas, Manuel _968191 |
|
| 245 | 1 | 4 |
_aLos Jóvenes y la creación de Empresas : _bactitudes y comportamientos emprendedores en la juventud andaluza / _cManuel Fernández Esquinas, Jorge Ruiz Ruiz. |
| 260 |
_aMadrid : _bConsejo Superior de Investigaciones Científicas, Instituto de Estudios Sociales Avanzados de Andalucía : Junta de Andalucía, Consejería para la Igualdad y Bienestar Social, Instituto Andaluz de la Juventud, _c2006. |
||
| 300 |
_a355 p. : _bil., maps ; _c24 cm. |
||
| 490 | 1 |
_aPoliteya _v25 |
|
| 500 | _aIncluye referencias bibliográficas y notas al pie de las páginas. | ||
| 504 | _aBibliografía: p. 275-285 | ||
| 700 | 1 | 2 |
_aRuiz Ruiz, Jorge _968192 |
| 830 | 0 |
_aPoliteya _n25 _968193 |
|
| 999 |
_c40983 _d40983 |
||